000 00454nam a22001817a 4500
003 MPLRDC
005 20220104124220.0
008 210129b ||||| |||| 00| 0 eng d
082 _a805.18 YHDZ v.25
100 _aJAKOB GRIMM 著; KATHARINE GIBSON改写
245 _a世界著名童话选
_c
250 _a初版
260 _a
_b大夏出版社
_c1989
300 _b
490 _a英汉对照;25
650 _a
942 _cBK
_o805.18 YHDZ v.25
999 _c17559
_d17549